Ako kalendár pôsobí na dianie na kapitálovom trhu

Sezónne faktory a ich vplyv na trh. Investori a "kalendár".

Uložené v:
Podrobná bibliografia
Hlavný autor: Bačišin, Vladimír
Médium: Kapitola
Jazyk:Slovak
Predmet:
Tagy: Pridať tag
Žiadne tagy, Buďte prvý, kto otaguje tento záznam!

MARC

LEADER 00000nla$a2200000$$$4500
001 0065293
005 20231121080728.9
041 0 |a slo 
044 |a SK 
245 1 0 |a Ako kalendár pôsobí na dianie na kapitálovom trhu  |c Vladimír Bačišin 
520 |a Sezónne faktory a ich vplyv na trh. Investori a "kalendár". 
610 2 0 |a trh kapitálový 
610 2 0 |a sezónnosť 
610 2 0 |a investori 
610 2 0 |a investovanie 
610 2 0 |a psychológia 
100 1 |a Bačišin, Vladimír